مكتبة جامعة عجلون الوطنية

فهرس بحث المكتبة

Normal view MARC view
  • معركة سولفرينو -1859 - ايطاليا - تاريخ

Entry Topical Term

Number of records used in: 1

001 - CONTROL NUMBER

  • control field: 47335

003 - CONTROL NUMBER IDENTIFIER

  • control field: JO-AjAnu

005 - DATE AND TIME OF LATEST TRANSACTION

  • control field: 20230606081821.0

008 - FIXED-LENGTH DATA ELEMENTS

  • fixed length control field: 230606|| aca||aabn | a|a d

040 ## - CATALOGING SOURCE

  • Original cataloging agency: JO-AjAnu
  • Transcribing agency: JO-AjAnu

150 ## - HEADING--TOPICAL TERM

  • Topical term or geographic name entry element: معركة سولفرينو -1859 - ايطاليا - تاريخ

670 ## - SOURCE DATA FOUND

  • Source citation: Work cat.: (JO-AjAnu)24223: دونان، هنري؛ تعريب سامي جرجس, author 47334, تذكار سولفرينو